000 00314nam a22001337a 4500
008 170922b xxu||||| |||| 00| 0 eng d
020 _a9781319016302
041 _aeng
080 _23 ED
_a37
100 _a46
101 _aEDU
245 _aINVITATION TO THE LIFE SPAN
_cBERGER.K.S
942 _2udc
_cBK
999 _c29185
_d29185